000 00378cam a2200157ua 4500
041 _aeng
_h
082 _a306
_bBEN/PA
100 _aBenedict, Ruth .
245 _aPatterns of culture /
_cRuth Benedict.
_hTextual Documents
250 _a1 /
_b.
260 _a :
_bThe new American library ,
_c1959.
300 _a254 ; .
504 _a
942 _cBK
999 _c2259
_d2259